LEADER 01341nam 2200373 450 001 000015410 005 20050718115600.0 010 $a0-273-08629-4 100 $a20030725d1984----km-y0itay0103----ba 101 0 $aeng 102 $aUS 200 1 $aOptimal control of variational inequalities$fV. Barbu 210 $aBoston [etc.]$cPitman advanced publishing program$d1984 215 $a298 p.$d25 cm. 225 2 $aResearch notes in mathematics$v100 410 0$12001$aResearch notes in mathematics 606 $aCalcolo delle variazioni 676 $a515.64$v(21. ed.)$9Analisi. Calcolo delle variazioni 691 $a49-XX$9Calculus of variations and optimal control; optimization 700 1$aBarbu,$bV.$0441771 801 0$aIT$bUniversità della Basilicata - B.I.A.$gRICA$2unimarc 912 $a000015410 996 $aOptimal control of variational inequalities$983274 997 $aUNIBAS BAS $aMONSCI BAS $aSCIENZE CAT $aEXT002$b01$c20030725$lBAS01$h1842 CAT $c20050601$lBAS01$h1755 CAT $abatch$b01$c20050718$lBAS01$h1052 CAT $c20050718$lBAS01$h1111 CAT $c20050718$lBAS01$h1141 CAT $c20050718$lBAS01$h1156 FMT Z30 -1$lBAS01$LBAS01$mBOOK$1BASA2$APolo Tecnico-Scientifico$2GEN$BCollezione generale$3MAT$664864$5S64864$820030725$f51$FRiservati LEADER 01218nam 2200361Ia 450 001 996386266503316 005 20200824132015.0 035 $a(CKB)4940000000080942 035 $a(EEBO)2248500109 035 $a(OCoLC)ocm13585297e 035 $a(OCoLC)13585297 035 $a(EXLCZ)994940000000080942 100 $a19860519d1691 uy | 101 0 $aeng 135 $aurbn||||a|bb| 200 14$aThe young man's claim unto the Holy Sacrament of the Lords Supper$b[electronic resource] $eentered by him into a church of Christ, received and accepted by the pastor and its other officers /$fby John Quick .. 210 $aLondon $cPrinted for John Dunton ...$d1691 215 $a[10], 19, [1] p 300 $aAdvertisement on p. [1] at end. 300 $aReproduction of original in Bodleian Library. 330 $aeebo-0014 606 $aLord's Supper$vEarly works to 1800 615 0$aLord's Supper 700 $aQuick$b John$f1636-1706.$01001916 801 0$bEAA 801 1$bEAA 801 2$bm/c 801 2$bEAA 801 2$bWaOLN 906 $aBOOK 912 $a996386266503316 996 $aThe young man's claim unto the Holy Sacrament of the Lords Supper$92375758 997 $aUNISA